Meliata unit - petrology, geochemistry and geotectonic position of metabasites

Podrobná bibliografia
Hlavní autori: Dianiška, I. (Author), Faryad, S.W (Author), Horváth, P. (Author), Hovorka, D. (Author), Spišiak, J. (Author), Sándor, J. (Author)
Médium: Článok
Jazyk:English
Témy:
Zdroj: 1. Geologica carpathica 1. 1335-0552 1. Roč. 53, zvláštne č. (2002), s. 180-183
LEADER 01231nab#a2200409#ar4500
001 000046521
003 SVKKK
005 20060926100426.0
008 030729c2002 xo e engo
FMT
015 |a SNBRB2003/07-xxxxx 
038 |a SVKKK 
040 |a SVKKK  |b slo  |e AACR2 
041 0 |a eng  |b eng 
044 |a xo  |c SK 
080 |a 551.76  |2 1997 
080 |a 552.47/.48(234.372.3)"615"  |2 1997 
242 1 0 |a Meliatikum - petrologická, geochemická a geotektonická pozícia metabazitov 
245 0 0 |a Meliata unit - petrology, geochemistry and geotectonic position of metabasites  |c S.W. Faryad ... [et al.] 
300 |b Obr. 
504 |a Bibliogr. odkazy 
504 |a Res. angl. 
650 0 4 |a meliatikum  |x metabazity 
650 0 4 |a metabazity  |x geochémia  |x geotektonika  |y mezozoikum  |z Západné Karpaty (Slovensko) 
700 1 |a Dianiška, I.  |4 aut 
700 1 |a Faryad, S.W.  |4 aut 
700 1 |a Horváth, P.  |4 aut 
700 1 |a Hovorka, D.  |4 aut 
700 1 |a Spišiak, J.  |4 aut 
700 1 |a Sándor, J.  |4 aut 
773 0 |t Geologica carpathica  |x 1335-0552  |g Roč. 53, zvláštne č. (2002), s. 180-183 
958 |a NB 
958 |a SK 
974 |a 244  |d 20030519 
992 |a RBX 
BAS
998 |a GEO